Missing Word: 1970s 'A' Song Endings Quiz Stats

 Plays Quiz Updated Mar 14, 2016

Challenge
Share
Tweet
Embed
Score 0/20 Timer 04:00
0 Plays Today
Song Missing Word % Correct
Stayin' _____Alive
96.8%
Just The Way You _____Are
94.8%
One Way Or _____Another
94.7%
Come Sail _____Away
94.4%
Love Is In The _____Air
92.2%
I Don't Like To Sleep _____Alone
88.7%
Tonight's The Night
(Gonna Be _____)
Alright
86.5%
Let's Do It _____Again
86.4%
Changes In Latitudes,
Changes In _____
Attitudes
73.9%
One Bad _____Apple
73.8%
Song Missing Word % Correct
Family _____Affair
69.6%
Maybe I'm _____Amazed
60%
Undercover _____Angel
49.9%
Young _____Americans
49%
I'll Be _____Around
47.3%
Angel In Your _____Arms
45.2%
Ma Belle _____Amie
29.6%
Want _____Ads
16.6%
Stay _____Awhile
16.5%
Happy _____Anniversary
15.5%

Today's Daily Dose

Missing Word
TV HA - HZ

Word Ladder
Nordic Capital

On This Day
January 19th II

You're not logged in!

Compare scores with friends on all Sporcle quizzes.
OR
Log In

You Might Also Like...

Show Comments

Extras

Top Quizzes Today


Score Distribution

Your Account Isn't Verified!

In order to create a playlist on Sporcle, you need to verify the email address you used during registration. Go to your Sporcle Settings to finish the process.

Report this User

Report this user for behavior that violates our Community Guidelines.

Details: